000 01243nam a2200325 a 4500
001 000025988
003 DO-SdBNP
005 20251120073732.0
007 ta
008 110225s1980 dr 001 0 spa d
040 _aDO-SdBNP
_bspa
_cBNPHU
_erda
082 4 _a972.9363
_bP762s, 1980
_222
100 1 _aPolanco Brito, Hugo Eduardo,
_d1918-
_924251
_eautor
245 1 0 _aSalcedo y su historia /
_cHugo Eduardo Polanco Brito.
250 _asegunda edición
264 _aSantiago, República Dominicana :
_bUCMM,
_c1980.
300 _a407 páginas :
_bmapa, retratos ;
_c23 cm.
336 _2rdacontent
_atexto
_btxt
337 _2rdamedia
_asin mediación
_bn
338 _2rdacarrier
_avolumen
_bnc
490 _aEstudios
500 _aIncluye referencias bibliográficas y notas al pie de las páginas e índice de nombres
590 _aInventariado, 2024/BT
650 7 _aCiudades y pueblos
_932619
_zRepública Dominicana
_xHistoria
_2LEMB
651 4 _aSalcedo (República Dominicana)
_xHistoria local
_945423
651 4 _aSalcedo (República Dominicana)
_xVida social y costumbres
_952887
710 2 _aPontificia Universidad Católica Madre y Maestra
_9843
910 _aValidado. Control de calidad MMOLINA
942 _2ddc
_cLBS1
999 _c25480
_d25480